|
|
|
|
| LEADER |
02014nam a2200325 u 4500 |
| 001 |
10048251 |
| 003 |
upatras |
| 005 |
20241128092003.0 |
| 008 |
030926s1996 gr gre |
| 020 |
|
|
|a 9602608773
|
| 040 |
|
|
|a GR-PaULI
|c GR-PaULI
|
| 041 |
0 |
|
|a gre
|
| 082 |
0 |
4 |
|a 371.1
|
| 245 |
0 |
0 |
|a Σημειωτική + εκπαίδευση :
|b συμπόσιο Φλώρινας 1994 /
|c Ελληνική Σημειωτική Εταιρεία - Παιδαγωγικό Τμήμα Δημοτικής Εκπαίδευσης Α.Π.Θ. (παράρτημα Φλώρινας) ; επιμέλεια Σταύρος Καμαρούδης, Ελένη Χοντολίδου.
|
| 246 |
|
|
|a Σημειωτική και εκπαίδευση
|
| 260 |
|
|
|a Θεσσαλονίκη :
|b Παρατηρητής,
|c 1996.
|
| 300 |
|
|
|a 148 σ. ;
|c 21 εκ.
|
| 650 |
|
4 |
|a Σημειωτική
|x Συνέδρια
|9 6674
|
| 650 |
|
4 |
|a Εκπαίδευση
|x Συνέδρια
|9 5168
|
| 700 |
1 |
|
|a Καμαρούδης, Σταύρος
|e επιμελητής
|9 39785
|
| 700 |
1 |
|
|a Χοντολίδου, Ελένη
|e επιμελήτρια
|9 11485
|
| 710 |
2 |
|
|a Αριστοτέλειο Πανεπιστήμιο Θεσσαλονίκης
|b Παιδαγωγική Σχολή Φλώρινας
|b Παιδαγωγικό Τμήμα Δημοτικής Εκπαίδευσης
|9 50537
|
| 710 |
2 |
|
|a Ελληνική Σημειωτική Εταιρεία
|9 6673
|
| 852 |
|
|
|a GR-PaULI
|b ΠΑΤΡΑ
|b ΒΚΠ
|b ΒΣ1
|k ΑΣΧΕ
|h 371.1 ΚΑΜ
|m 083498
|p 025000150565
|t 2
|
| 852 |
|
|
|a GR-PaULI
|b ΠΑΤΡΑ
|b ΠΤΔΕ
|k ΑΣΧΕ
|h 371.1 ΚΑΜ
|m 8183
|p 025000037345
|t 1
|
| 942 |
|
|
|2 ddc
|c BK15
|
| 952 |
|
|
|0 0
|1 0
|4 0
|6 371_100000000000000_ΚΑΜ
|7 0
|9 39000
|a LISP
|b LISP
|c BSC
|d 2016-04-24
|i 083498
|l 0
|o 371.1 ΚΑΜ
|p 025000150565
|r 2016-04-24 00:00:00
|t 2
|w 2016-04-24
|y BK15
|
| 952 |
|
|
|0 0
|1 0
|4 0
|6 371_100000000000000_ΚΑΜ
|7 0
|9 39001
|a PTDE
|b PTDE
|d 2016-04-24
|i 8183
|l 0
|o 371.1 ΚΑΜ
|p 025000037345
|r 2016-04-24 00:00:00
|t 1
|w 2016-04-24
|y BK15
|
| 998 |
|
|
|c ΤΣΕΝΕ
|d 2003-09
|
| 999 |
|
|
|c 25059
|d 25059
|